000 00546nam a22001937a 4500
003 BUBTL
008 170522b xxu||||| |||| 00| 0 eng d
020 _a978-93-80308-04-3
082 _a687HAS
100 _91208
_aHayavadana,J.
245 _aStatistics for Textile and Apparel Management
260 _aNew Delhi
_bWoodhead Publishing
_cc2012
300 _a356p.
_c21cm.
650 0 _9909
_aTextile Engineering
700 _91209
_aHayavadana,J.
856 _k0
_l0
_yDownload
942 _2ddc
_cBK
999 _c5454
_d5454